| 000 | 00395nam a2200109Ia 4500 | ||
|---|---|---|---|
| 008 | 171204s9999 xx 000 0 und d | ||
| 245 | _aKiller Tapes And Shattered Screens: Video Spectatorship From Vhs To File Sharing: | ||
| 245 | _cCætlin Benson-Allott | ||
| 260 | _c2013 | ||
| 650 | _xVIDEO PRODUCTION AND DIRECTION | ||
| 856 | _uhttp://down.ebook777.com/KilTapAndShaScrVidSpeFroVhsToFilSha.pdf | ||
| 999 |
_c346225 _d346225 |
||